| 000 | 00372cam3a220013300 4500 | ||
|---|---|---|---|
| 001 | lce00635893 | ||
| 008 | 680301s1968 inua 000 0 eng | ||
| 035 | _a(Sirsi) r10930 | ||
| 050 | 0 | _aPS 3569.H398 SHE 1968 | |
| 100 | 1 | _aShepard, Sam | |
| 245 | 1 | 3 |
_aLa turista; _ba play in two acts/ _cSam Shepard |
| 260 |
_aIndianapolis, _bBobbs-Merrill _c[1968] |
||
| 300 | _axv, 71p. | ||
| 999 |
_c140125 _d140125 |
||